[Event "Steyr Landesliga 1617"]
[Site "Austria"]
[Date "2017.05.06"]
[Round "11.3"]
[White "Zupe, Miran"]
[Black "Ebner, Walter"]
[Result "1/2-1/2"]
[WhiteElo "2265"]
[BlackElo "2128"]
[PlyCount "48"]
[EventDate "2016.10.01"]
[EventType "team-tourn"]
[EventRounds "11"]
[EventCountry "AUT"]
[SourceTitle "EXT 2018"]
[Source "ChessBase"]
[SourceDate "2017.10.13"]
[SourceVersion "1"]
[SourceVersionDate "2017.10.13"]
[SourceQuality "1"]
[WhiteTeam "Leibnitz"]
[BlackTeam "Gleisdorf"]
[WhiteTeamCountry "AUT"]
[BlackTeamCountry "AUT"]

1. e4 c5 2. Nf3 Nc6 3. d4 cxd4 4. Nxd4 g6 5. c4 Bg7 6. Be3 Nf6 7. Nc3 0-0 8. Be2 d6 9. 0-0 Bd7 10. Qd2 Nxd4 11. Bxd4 Bc6 12. f3 a5 13. b3 Nd7 14. Be3 Nc5 15. Rab1 Re8 16. Rfd1 Qc7 17. Qc2 h5 18. Bf1 Be5 19. Nd5 Bxd5 20. cxd5 Rec8 21. Bb5 Qd8 22. Qf2 e6 23. dxe6 Nxe6 24. f4 Nxf4 1/2-1/2

[Event "Steyr Landesliga 1617"]
[Site "Austria"]
[Date "2017.04.01"]
[Round "9.3"]
[White "Krumphals, Friedrich"]
[Black "Ebner, Walter"]
[Result "1-0"]
[WhiteElo "2169"]
[BlackElo "2128"]
[PlyCount "85"]
[EventDate "2016.10.01"]
[EventType "team-tourn"]
[EventRounds "11"]
[EventCountry "AUT"]
[SourceTitle "EXT 2018"]
[Source "ChessBase"]
[SourceDate "2017.10.13"]
[SourceVersion "1"]
[SourceVersionDate "2017.10.13"]
[SourceQuality "1"]
[WhiteTeam "Ratten Krieglach"]
[BlackTeam "Gleisdorf"]
[WhiteTeamCountry "AUT"]
[BlackTeamCountry "AUT"]

1. c4 Nf6 2. Nc3 g6 3. e4 d6 4. d4 Bg7 5. Be2 0-0 6. Nf3 c5 7. 0-0 cxd4 8. Nxd4 Bd7 9. Bg5 Qb6 10. Nb3 Bc6 11. Be3 Qd8 12. f3 a5 13. Qd2 a4 14. Nd4 Nfd7 15. b4 axb3 16. axb3 Rxa1 17. Rxa1 Nc5 18. Rb1 Bd7 19. b4 Ne6 20. Nd5 Nc6 21. Nb3 Ne5 22. f4 Nc6 23. f5 gxf5 24. exf5 Nc7 25. Bb6 Bxf5 26. Rf1 Qd7 27. Nxc7 Bg4 28. Nd5 Kh8 29. Bxg4 Qxg4 30. Ne3 Qg6 31. Nf5 Bf6 32. Na5 Ne5 33. c5 d5 34. Nxb7 e6 35. Ng3 Nc4 36. Qf2 Bg5 37. c6 Nxb6 38. Qxb6 Qd3 39. Nc5 Be3+ 40. Kh1 Qc4 41. Qc7 d4 42. Qe7 Bh6 43. c7 1-0

[Event "Steyr Landesliga 1617"]
[Site "Austria"]
[Date "2016.10.29"]
[Round "3.6"]
[White "Ebner, Walter"]
[Black "Benedikt, August"]
[Result "1-0"]
[WhiteElo "2128"]
[BlackElo "2079"]
[PlyCount "61"]
[EventDate "2016.10.01"]
[EventType "team-tourn"]
[EventRounds "11"]
[EventCountry "AUT"]
[SourceTitle "CBM 175 Extra"]
[Source "ChessBase"]
[SourceDate "2016.12.12"]
[SourceVersion "1"]
[SourceVersionDate "2016.12.12"]
[SourceQuality "1"]
[WhiteTeam "Gleisdorf"]
[BlackTeam "Gamlitz"]
[WhiteTeamCountry "AUT"]
[BlackTeamCountry "AUT"]

1. Nf3 Nf6 2. g3 d5 3. Bg2 e6 4. d3 c5 5. 0-0 Nc6 6. Nbd2 Be7 7. e4 Qc7 8. Re1 b6 9. Nf1 Bb7 10. Bf4 Qc8 11. e5 Nd7 12. h4 0-0 13. Ne3 f6 14. exf6 Bxf6 15. Ng5 Nd8 16. Ng4 Bxb2 17. Rb1 Bc3 18. Rxe6 Rxf4 19. gxf4 Nxe6 20. Nxe6 Qc6 21. f5 Qd6 22. Rb3 Be5 23. d4 cxd4 24. Nxe5 Qxe5 25. Rg3 Kh8 26. Rxg7 Qxg7 27. Nxg7 Kxg7 28. Qxd4+ Nf6 29. Qe5 Rf8 30. h5 Rf7 31. c4 1-0

[Event "Steyr Landesliga 1617"]
[Site "Austria"]
[Date "2016.10.15"]
[Round "2.5"]
[White "Ebner, Walter"]
[Black "Nuster, Erwin"]
[Result "0-1"]
[WhiteElo "2128"]
[BlackElo "2156"]
[PlyCount "94"]
[EventDate "2016.10.01"]
[EventType "team-tourn"]
[EventRounds "11"]
[EventCountry "AUT"]
[SourceTitle "CBM 175 Extra"]
[Source "ChessBase"]
[SourceDate "2016.12.12"]
[SourceVersion "1"]
[SourceVersionDate "2016.12.12"]
[SourceQuality "1"]
[WhiteTeam "Gleisdorf"]
[BlackTeam "Feldbach Kirchberg"]
[WhiteTeamCountry "AUT"]
[BlackTeamCountry "AUT"]

1. Nf3 Nf6 2. g3 d5 3. Bg2 Bf5 4. d3 c6 5. 0-0 h6 6. Nbd2 e6 7. b3 Be7 8. Bb2 0-0 9. Re1 a5 10. a3 Na6 11. e4 Bh7 12. Qe2 Nc5 13. e5 Nfd7 14. a4 Na6 15. Nd4 Nb4 16. f4 c5 17. Nb5 Nxc2 18. Rf1 Nxa1 19. Bxa1 Qb6 20. Kh1 f6 21. Nf3 d4 22. exf6 Bxf6 23. Nd2 Rae8 24. Nc4 Qd8 25. Bxb7 Nb6 26. Bg2 Nd5 27. Nbd6 Re7 28. Ne4 Qc7 29. Bb2 Rb8 30. Ba3 Rxb3 31. Qa2 Rxd3 32. Bxc5 Bxe4 33. Bxe4 Nc3 34. Bb6 Nxa2 35. Bxc7 Rc3 36. Rb1 Rxc4 37. Rb8+ Kf7 38. Bd6 Nb4 39. Bh7 d3 40. f5 Rc1+ 41. Kg2 exf5 42. Bg8+ Kg6 43. Bxe7 Bxe7 44. Rb6+ Rc6 45. Rb7 d2 46. Bb3 Rc3 47. Rb6+ Bf6 0-1

[Event "Steyr Landesliga 1415"]
[Site "Austria"]
[Date "2014.10.11"]
[Round "2.4"]
[White "Ebner, Walter"]
[Black "Mitter, Gerd"]
[Result "0-1"]
[WhiteElo "2100"]
[BlackElo "2215"]
[PlyCount "64"]
[EventDate "2014.09.27"]
[EventType "team-tourn"]
[EventRounds "11"]
[EventCountry "AUT"]
[SourceTitle "EXT 2016"]
[Source "ChessBase"]
[SourceDate "2015.10.08"]
[SourceVersion "1"]
[SourceVersionDate "2015.10.08"]
[SourceQuality "1"]
[WhiteTeam "Gleisdorf"]
[BlackTeam "Trofaiach Niklasdorf"]
[WhiteTeamCountry "AUT"]
[BlackTeamCountry "AUT"]

1. Nf3 Nf6 2. g3 d5 3. Bg2 g6 4. d3 Bg7 5. 0-0 0-0 6. Nbd2 c5 7. e4 Nc6 8. Re1 e5 9. exd5 Nxd5 10. Ne4 b6 11. Bg5 f6 12. Bd2 Be6 13. Qc1 Qd7 14. Bh6 Rac8 15. a3 Nd4 16. Bxg7 Kxg7 17. c4 Ne7 18. Nxd4 Qxd4 19. Qc2 Nc6 20. Nc3 Qd7 21. Nd5 Nd4 22. Qc3 Bg4 23. f4 Rce8 24. Kf2 exf4 25. gxf4 Be2 26. b4 Qg4 27. bxc5 Bf3 28. Bf1 Qh4+ 29. Kg1 bxc5 30. Re7+ Rxe7 31. Nxe7 Qg4+ 32. Kf2 Qxf4 0-1

[Event "Steyr Landesliga 1112"]
[Site "Austria"]
[Date "2011.11.12"]
[Round "5.6"]
[White "Ebner, Walter"]
[Black "Dobay, Klaus"]
[Result "1/2-1/2"]
[WhiteElo "2103"]
[BlackElo "2069"]
[PlyCount "100"]
[EventDate "2011.09.24"]
[EventType "team-tourn"]
[EventRounds "11"]
[EventCountry "AUT"]
[SourceTitle "EXT 2013"]
[Source "ChessBase"]
[SourceDate "2012.11.22"]
[SourceVersion "1"]
[SourceVersionDate "2012.11.22"]
[SourceQuality "1"]
[WhiteTeam "Gleisdorf"]
[BlackTeam "Graz Austria"]
[WhiteTeamCountry "AUT"]
[BlackTeamCountry "AUT"]

1. Nf3 d5 2. g3 Nf6 3. Bg2 Bf5 4. 0-0 h6 5. d3 e6 6. Nbd2 Be7 7. Re1 0-0 8. c3 c6 9. Nd4 Bh7 10. e4 dxe4 11. dxe4 Bc5 12. e5 Bxd4 13. cxd4 Nd5 14. Ne4 Nd7 15. Bd2 Qb6 16. Bc3 Nxc3 17. bxc3 Qa5 18. Qb3 Nb6 19. Nd6 Rab8 20. f4 Qa4 21. c4 Rfd8 22. c5 Qxd4+ 23. Kh1 Qxc5 24. f5 Bxf5 25. Nxf5 exf5 26. Rac1 Qe7 27. e6 fxe6 28. Rxe6 Qf7 29. Rce1 Rf8 30. g4 f4 31. Be4 Nd5 32. Bg6 Qd7 33. Re7 Qd6 34. Bf5 Kh8 35. R7e6 Qd8 36. Bc2 Ne3 37. Be4 Qh4 38. Rg1 Nxg4 39. Qb2 f3 40. Rxg4 Qxg4 41. Rxh6+ Kg8 42. Bh7+ Kf7 43. Qb3+ Ke7 44. Qa3+ Ke8 45. Qe3+ Kd7 46. Rg6 Qc4 47. Rxg7+ Rf7 48. Bf5+ Kc7 49. Qe5+ Kb6 50. Qb2+ Kc7 1/2-1/2

[Event "AUT-chT2S 0102"]
[Site "Austria"]
[Date "2001.11.11"]
[Round "4.5"]
[White "Ebner, Walter"]
[Black "Sandner, Wolfgang"]
[Result "1/2-1/2"]
[WhiteElo "2210"]
[BlackElo "2185"]
[PlyCount "57"]
[EventDate "2001.11.10"]
[EventType "team-tourn"]
[EventRounds "11"]
[EventCountry "AUT"]
[SourceTitle "EXT 2003"]
[Source "ChessBase"]
[SourceDate "2002.11.25"]
[SourceVersion "1"]
[SourceVersionDate "2002.11.25"]
[SourceQuality "1"]

1. Nf3 Nf6 2. g3 g6 3. Bg2 Bg7 4. 0-0 0-0 5. d3 d6 6. e4 c5 7. Nbd2 Nc6 8. c3 Rb8 9. Qc2 b5 10. Re1 Nd7 11. Nf1 Qa5 12. Bd2 Ba6 13. a3 Qb6 14. Ne3 e6 15. h4 Nf6 16. Rad1 b4 17. axb4 cxb4 18. d4 Rfc8 19. Qb1 bxc3 20. Bxc3 d5 21. exd5 Nxd5 22. Nxd5 exd5 23. h5 Bc4 24. hxg6 hxg6 25. Bh3 Re8 26. Rxe8+ Rxe8 27. Re1 Qd8 28. Qd1 Rxe1+ 29. Qxe1 1/2-1/2

[Event "AUT-chT2S 0102"]
[Site "Austria"]
[Date "2001.10.06"]
[Round "1.1"]
[White "Loebler, Heimo"]
[Black "Ebner, Walter"]
[Result "1/2-1/2"]
[WhiteElo "2232"]
[BlackElo "2210"]
[PlyCount "53"]
[EventDate "2001.11.10"]
[EventType "team-tourn"]
[EventRounds "11"]
[EventCountry "AUT"]
[SourceTitle "EXT 2003"]
[Source "ChessBase"]
[SourceDate "2002.11.25"]
[SourceVersion "1"]
[SourceVersionDate "2002.11.25"]
[SourceQuality "1"]

1. d4 Nf6 2. c4 g6 3. Nf3 Bg7 4. g3 0-0 5. Bg2 d6 6. 0-0 Nbd7 7. Nc3 e5 8. e4 Re8 9. h3 exd4 10. Nxd4 Nc5 11. Re1 Bd7 12. Rb1 Qc8 13. Kh2 Ne6 14. Nc2 a5 15. Be3 Bc6 16. f3 h6 17. Qd2 Kh7 18. Na3 b6 19. Nab5 Nc5 20. b3 Qd7 21. Nd4 Bb7 22. Nd5 Nxd5 23. exd5 Re7 24. Re2 Rae8 25. Rbe1 c6 26. dxc6 Bxc6 27. Nxc6 1/2-1/2

[Event "AUT-chT qual"]
[Site "Vienna"]
[Date "1997.??.??"]
[Round "3"]
[White "Ebner, Walter"]
[Black "Pfeiffer, Gregor"]
[Result "1/2-1/2"]
[WhiteElo "2230"]
[BlackElo "2125"]
[PlyCount "179"]
[EventDate "1997.??.??"]
[EventType "team-tourn"]
[EventRounds "3"]
[EventCountry "AUT"]
[SourceTitle "EXT 1999"]
[Source "ChessBase"]
[SourceDate "1998.11.16"]
[SourceVersion "1"]
[SourceVersionDate "1998.11.16"]
[SourceQuality "1"]

1. Nf3 c5 2. g3 d5 3. Bg2 Nf6 4. d3 Nc6 5. Nbd2 e5 6. e4 d4 7. a4 Bd6 8. 0-0 0-0 9. Nc4 Ne8 10. Nh4 Be6 11. b3 Rb8 12. Bd2 Qd7 13. f4 f6 14. Nxd6 Nxd6 15. f5 Bf7 16. g4 h6 17. Nf3 Be8 18. h4 Kf7 19. g5 hxg5 20. hxg5 Ke7 21. Qe1 Bf7 22. g6 Be8 23. Qh4 Kd8 24. Qh7 Rc8 25. Bh3 Qe7 26. Rf2 Rc7 27. Raf1 Bd7 28. Ng5 fxg5 29. f6 Rxf6 30. Rxf6 gxf6 31. Qh8+ Ne8 32. Bxg5 Bxh3 33. Bxf6 Bxf1 34. Bxe7+ Rxe7 35. Kxf1 Kd7 36. Ke2 b6 37. Qf8 Kd8 38. Qf5 Nb8 39. Qg5 Nd7 40. Kd2 Ng7 41. Qh4 Ke8 42. Ke2 Ne6 43. Qh8+ Ndf8 44. Qxe5 Nxg6 45. Qb8+ Kf7 46. Qd6 Kf6 47. Qh2 Rg7 48. Kd2 Ngf4 49. Qh8 Kg5 50. Qb8 Kg4 51. Kc1 Kf3 52. Qe8 Ke3 53. Qh8 Rg1+ 54. Kb2 Rg2 55. Kb1 Kd2 56. Kb2 Rg1 57. Qh2+ Ne2 58. Qh6+ N6f4 59. e5 Rg6 60. Qh2 Re6 61. Qh8 a5 62. Kb1 Rg6 63. Kb2 Nc3 64. Qh2+ Ke3 65. Qh1 Re6 66. Qh7 Ncd5 67. Qg7 Ng6 68. Qb7 Nde7 69. Qd7 Rxe5 70. Kc1 Nf4 71. Qg4 Ned5 72. Kd1 Nc3+ 73. Kc1 Nce2+ 74. Kb2 Kd2 75. Qf3 Re6 76. Qh1 Rg6 77. Qb7 Ng2 78. Qe4 Nef4 79. Qb7 Re6 80. Qc6 Kd1 81. Qb7 Re2 82. Qf3 Ne1 83. Qg4 Nfxd3+ 84. Kb1 Nxc2 85. Qh5 Ndb4 86. Qh1+ Re1 87. Qg2 Na3+ 88. Ka1 Re2 89. Qf1+ Kd2 90. Qc1+ 1/2-1/2

[Event "Graz op"]
[Site "Graz"]
[Date "1996.??.??"]
[Round "?"]
[White "Ebner, Walter"]
[Black "Bawart, Markus"]
[Result "1-0"]
[WhiteElo "2210"]
[BlackElo "2265"]
[PlyCount "63"]
[EventDate "1996.06.??"]
[EventType "swiss"]
[EventRounds "9"]
[EventCountry "AUT"]
[SourceTitle "EXT 1998"]
[Source "ChessBase"]
[SourceDate "1997.11.17"]
[SourceVersion "1"]
[SourceVersionDate "1997.11.17"]
[SourceQuality "1"]

1. Nf3 Nf6 2. g3 d5 3. Bg2 c6 4. d3 Bg4 5. Nbd2 Qc8 6. h3 Bf5 7. c4 g6 8. cxd5 cxd5 9. Nb3 Bg7 10. Nbd4 Bd7 11. Bf4 Nc6 12. Rc1 0-0 13. Qd2 Qd8 14. Nxc6 Bxc6 15. 0-0 Nd7 16. d4 Qb6 17. Rc3 a5 18. Rfc1 a4 19. h4 Rfe8 20. Bh6 Bh8 21. Bh3 Nf6 22. Ne5 Ne4 23. Qf4 Bf6 24. Rd3 Qxb2 25. g4 Qxe2 26. Rf3 Qxa2 27. g5 Qb2 28. gxf6 exf6 29. Re1 Rxe5 30. Rxe4 Rf5 31. Bxf5 dxe4 32. Qd6 1-0

[Event "Leiner op"]
[Site "Leiner"]
[Date "1996.??.??"]
[Round "8"]
[White "Ebner, Walter"]
[Black "Grosar, Aljosa"]
[Result "1/2-1/2"]
[WhiteElo "2210"]
[BlackElo "2470"]
[PlyCount "83"]
[EventDate "1996.??.??"]
[EventType "swiss"]
[EventRounds "9"]
[EventCountry "AUT"]
[SourceTitle "EXT 1998"]
[Source "ChessBase"]
[SourceDate "1997.11.17"]
[SourceVersion "1"]
[SourceVersionDate "1997.11.17"]
[SourceQuality "1"]

1. Nf3 d5 2. g3 Bg4 3. Bg2 Nd7 4. d3 Ngf6 5. Nbd2 e5 6. e4 c6 7. 0-0 Bd6 8. h3 Bh5 9. Qe1 0-0 10. Nh4 Re8 11. Ndf3 dxe4 12. dxe4 a5 13. a4 Nc5 14. Nh2 Bf8 15. Nf5 Nfd7 16. Be3 f6 17. Ng4 Qc7 18. Qe2 Bf7 19. Rfd1 Red8 20. h4 Kh8 21. Nh2 Ne6 22. h5 c5 23. c3 c4 24. Qg4 Ndc5 25. Qh4 Nxa4 26. Ng4 Rxd1+ 27. Rxd1 Rd8 28. Rd5 Nxb2 29. Bh6 Nd3 30. Bxg7+ Bxg7 31. h6 Bf8 32. Qxf6+ Kg8 33. f4 a4 34. Nxe5 Nxe5 35. Rxe5 a3 36. Rxe6 Bc5+ 37. Kh2 Bxe6 38. Qg5+ Kf8 39. Qf6+ Kg8 40. Qg5+ Kf8 41. Qf6+ Kg8 42. Qg5+ 1/2-1/2

[Event "AUT-chT2S 9697"]
[Site "Austria"]
[Date "1996.??.??"]
[Round "3"]
[White "Ebner, Walter"]
[Black "Probat, Bernd"]
[Result "1-0"]
[WhiteElo "2155"]
[BlackElo "2235"]
[PlyCount "93"]
[EventDate "1996.??.??"]
[EventType "team-tourn"]
[EventRounds "11"]
[EventCountry "AUT"]
[SourceTitle "EXT 1999"]
[Source "ChessBase"]
[SourceDate "1998.11.16"]
[SourceVersion "1"]
[SourceVersionDate "1998.11.16"]
[SourceQuality "1"]

1. Nf3 c5 2. g3 Nc6 3. Bg2 g6 4. d3 Bg7 5. 0-0 e6 6. e4 d5 7. Nbd2 Nge7 8. Re1 h6 9. h4 b6 10. e5 Qc7 11. Qe2 c4 12. d4 c3 13. bxc3 Na5 14. Qd3 0-0 15. Ba3 Re8 16. Nh2 Bb7 17. Ng4 Rac8 18. Bb4 Nc4 19. Nxc4 Qxc4 20. Qd2 Kh7 21. Bf1 Qc7 22. Re3 Ng8 23. a4 h5 24. Nh2 Bh6 25. f4 Bf8 26. Bd3 Nh6 27. a5 Kg7 28. axb6 axb6 29. f5 gxf5 30. Rf3 Be7 31. Ra7 Ra8 32. Bd6 Qd7 33. Bb5 Qxb5 34. Rxb7 Ra1+ 35. Kg2 Bxd6 36. exd6 Qc6 37. Qg5+ Kh7 38. d7 Rg8 39. Qxh5 Qxb7 40. Ng4 Rxg4 41. d8Q Qa6 42. Rf2 f4 43. Qdg5 Rxg5 44. hxg5 f3+ 45. Kxf3 Qb7 46. Qxh6+ Kg8 47. Rh2 1-0

[Event "AUT-chT2S 9697"]
[Site "Austria"]
[Date "1996.??.??"]
[Round "2"]
[White "Ebner, Walter"]
[Black "Wilfling, Hermann"]
[Result "1-0"]
[WhiteElo "2095"]
[BlackElo "2235"]
[PlyCount "259"]
[EventDate "1996.??.??"]
[EventType "team-tourn"]
[EventRounds "11"]
[EventCountry "AUT"]
[SourceTitle "EXT 1999"]
[Source "ChessBase"]
[SourceDate "1998.11.16"]
[SourceVersion "1"]
[SourceVersionDate "1998.11.16"]
[SourceQuality "1"]

1. Nf3 Nf6 2. g3 b6 3. Bg2 Bb7 4. d3 d5 5. 0-0 e6 6. Nbd2 Nbd7 7. Re1 Bc5 8. h3 0-0 9. e4 dxe4 10. dxe4 e5 11. Nh4 Re8 12. Nf1 Bf8 13. Qe2 h6 14. Bd2 Nc5 15. Rad1 Qe7 16. Bb4 Rad8 17. Nf5 Qe6 18. Bxc5 Bxc5 19. a3 a5 20. Nh2 Bf8 21. g4 g6 22. Ng3 Be7 23. Nhf1 Rxd1 24. Rxd1 Rd8 25. Rxd8+ Bxd8 26. Qd2 Be7 27. Qxh6 Nh7 28. Qd2 Qd6 29. Qxd6 Bxd6 30. Ne3 f6 31. h4 Kg7 32. Bf1 Nf8 33. Bc4 Bc5 34. Nd5 c6 35. Nc7 b5 36. Ne8+ Kh6 37. Ba2 Be7 38. h5 Bc8 39. hxg6 Kxg6 40. Nf5 Bxf5 41. gxf5+ Kg5 42. f3 Kf4 43. Kf2 Nd7 44. Ng7 Nf8 45. Bf7 c5 46. c4 b4 47. Be8 Bd8 48. Nh5+ Kg5 49. Ng3 Kh6 50. Nf1 Nh7 51. Ne3 Kg5 52. Kg3 Nf8 53. Ng4 Bc7 54. Nf2 Bd6 55. Nh3+ Kh6 56. Kg4 Nh7 57. Nf2 Kg7 58. Nd1 Kh6 59. Ne3 Kg7 60. Nd5 Nf8 61. Kh5 Nh7 62. Nb6 Bc7 63. Nd5 Bd6 64. a4 Ng5 65. Kg4 Nh7 66. Bc6 Ng5 67. b3 Bb8 68. Be8 Nh7 69. Ne3 Bd6 70. Nc2 Nf8 71. Ne3 Nh7 72. Nf1 Kh6 73. Ng3 Ng5 74. Bg6 Bc7 75. Nf1 Kg7 76. Ne3 Bd6 77. Nd5 Bb8 78. Kg3 Bd6 79. Nb6 Bc7 80. Nc8 Bb8 81. Kg4 Bc7 82. Be8 Kf8 83. Bc6 Kg7 84. Bd5 Nh7 85. Ne7 Nf8 86. Bc6 Nh7 87. Nd5 Bd6 88. f4 Kf7 89. fxe5 Bxe5 90. Nf4 Nf8 91. Nd3 Bd4 92. Kf4 Ke7 93. Bb5 Kd6 94. Kg4 Nh7 95. Kf4 Nf8 96. Be8 Ke7 97. Bb5 Kd6 98. Ne1 Bb2 99. Nf3 Bc1+ 100. Kg4 Be3 101. Kh5 Bc1 102. Be8 Ke7 103. Bc6 Kd6 104. Bb5 Be3 105. Kg4 Bc1 106. Ne1 Bd2 107. Nd3 Bc3 108. Kh5 Bd2 109. Be8 Be3 110. Kg4 Ke7 111. Kf3 Bd4 112. Bb5 Kd6 113. Nf4 Nh7 114. Ne6 Bb2 115. Kg4 Bc1 116. Be8 Ng5 117. e5+ Kxe5 118. Nxc5 Kd6 119. Nb7+ Kc7 120. Nxa5 Ne4 121. Bb5 Nc5 122. Kh5 Bb2 123. Kg6 Bc3 124. Nc6 Nxb3 125. Ne7 Kd6 126. Nd5 Nc5 127. a5 Bd2 128. a6 Nxa6 129. Bxa6 b3 130. Nxf6 1-0

[Event "AUT-chT2S 9596"]
[Site "Austria"]
[Date "1996.??.??"]
[Round "?"]
[White "Hrastnik, Horst"]
[Black "Ebner, Walter"]
[Result "1-0"]
[WhiteElo "2085"]
[BlackElo "2185"]
[PlyCount "48"]
[EventDate "1995.??.??"]
[EventType "team-tourn"]
[EventRounds "11"]
[EventCountry "AUT"]
[SourceTitle "EXT 1999"]
[Source "ChessBase"]
[SourceDate "1998.11.16"]
[SourceVersion "1"]
[SourceVersionDate "1998.11.16"]
[SourceQuality "1"]

1. e4 c5 2. c3 Nf6 3. e5 Nd5 4. d4 cxd4 5. Nf3 e6 6. Bd3 dxc3 7. 0-0 cxb2 8. Bxb2 Nc6 9. Nbd2 Be7 10. Ne4 0-0 11. h4 Bxh4 12. g3 Be7 13. Kg2 b6 14. Rh1 h6 15. Bc1 f5 16. exf6 Nxf6 17. Bxh6 Bb7 18. Bxg7 Kxg7 19. Qd2 Ng4 20. Rh7+ Kg8 21. Rah1 Bf6 22. Qf4 Nce5 23. Nxe5 Nxe5 24. Qh6 Qe8 1-0

[Event "Leiner op"]
[Site "Leiner"]
[Date "1996.??.??"]
[Round "9"]
[White "Kustar, Sandor"]
[Black "Ebner, Walter"]
[Result "1-0"]
[WhiteElo "2395"]
[BlackElo "2210"]
[PlyCount "91"]
[EventDate "1996.??.??"]
[EventType "swiss"]
[EventRounds "9"]
[EventCountry "AUT"]
[SourceTitle "EXT 1998"]
[Source "ChessBase"]
[SourceDate "1997.11.17"]
[SourceVersion "1"]
[SourceVersionDate "1997.11.17"]
[SourceQuality "1"]

1. Nf3 Nf6 2. c4 g6 3. g3 Bg7 4. Bg2 0-0 5. d4 d6 6. 0-0 Nbd7 7. Nc3 e5 8. h3 Re8 9. e4 a5 10. Re1 Nh5 11. Bg5 f6 12. Be3 Nf8 13. Qc2 Be6 14. b3 Qd7 15. Kh2 Kh8 16. Rad1 Qf7 17. Nb5 b6 18. Bd2 g5 19. c5 bxc5 20. dxc5 d5 21. exd5 Bxd5 22. Bc3 Be6 23. Nd2 Rab8 24. a4 Ng6 25. Bxa5 Rec8 26. Nc4 g4 27. h4 f5 28. Bc3 e4 29. Bf1 Qe7 30. Nd4 Rf8 31. Nc6 Qxc5 32. Nxb8 Rxb8 33. b4 Qe7 34. Bxg7+ Nxg7 35. b5 Nh5 36. Qc3+ Kg8 37. Na5 Re8 38. Nc6 Qf7 39. Nd8 Qg7 40. Qxg7+ Nxg7 41. a5 Bb3 42. a6 Ne5 43. Be2 Nd3 44. Bxd3 Bd5 45. Bc4 Bxc4 46. a7 1-0

[Event "Graz op"]
[Site "Graz"]
[Date "1996.??.??"]
[Round "?"]
[White "Loebler, Heimo"]
[Black "Ebner, Walter"]
[Result "1-0"]
[WhiteElo "2265"]
[BlackElo "2210"]
[PlyCount "79"]
[EventDate "1996.06.??"]
[EventType "swiss"]
[EventRounds "9"]
[EventCountry "AUT"]
[SourceTitle "EXT 1998"]
[Source "ChessBase"]
[SourceDate "1997.11.17"]
[SourceVersion "1"]
[SourceVersionDate "1997.11.17"]
[SourceQuality "1"]

1. d4 Nf6 2. c4 g6 3. Nf3 Bg7 4. g3 0-0 5. Bg2 d6 6. Nc3 Nbd7 7. 0-0 e5 8. e4 Re8 9. h3 a5 10. b3 c6 11. Re1 Nh5 12. Be3 Nf8 13. dxe5 dxe5 14. c5 Ne6 15. Na4 Nd4 16. Nb6 Rb8 17. Kh2 Qe7 18. Qc1 Be6 19. Qc3 Rbd8 20. Rad1 Nb5 21. Qxa5 f5 22. Bg5 Nf6 23. Rxd8 Qxd8 24. exf5 Bxf5 25. Rxe5 Rxe5 26. Nxe5 h6 27. Be3 Be4 28. Bxe4 Nxe4 29. Nxg6 Kh7 30. Nf4 Nd4 31. Kg2 Nf5 32. Qe1 Qe8 33. Qb1 Kg8 34. Qd3 Nexg3 35. fxg3 Nxe3+ 36. Kf3 Nd5 37. Nbxd5 cxd5 38. Qxd5+ Kh8 39. Qxb7 Qd8 40. Qxg7+ 1-0

[Event "AUT-chT2S 9495"]
[Site "Austria"]
[Date "1995.??.??"]
[Round "7"]
[White "Ebner, Walter"]
[Black "Hoffmann, Erich"]
[Result "1-0"]
[WhiteElo "2235"]
[BlackElo "2070"]
[PlyCount "79"]
[EventDate "1994.??.??"]
[EventType "team-tourn"]
[EventRounds "11"]
[EventCountry "AUT"]
[SourceTitle "EXT 1998"]
[Source "ChessBase"]
[SourceDate "1997.11.17"]
[SourceVersion "1"]
[SourceVersionDate "1997.11.17"]
[SourceQuality "1"]

1. Nf3 d5 2. g3 Bg4 3. Bg2 Nd7 4. d3 c6 5. 0-0 e6 6. b3 f5 7. Bb2 Ngf6 8. Nbd2 Bd6 9. Qe1 0-0 10. h3 Bxf3 11. Bxf3 Qb6 12. e3 Be5 13. d4 Bd6 14. c4 Bb4 15. Qe2 Bxd2 16. Qxd2 Ne4 17. Qc2 Rf6 18. Ba3 Qa5 19. Be7 Rf7 20. Bxe4 Rxe7 21. Bg2 g6 22. cxd5 exd5 23. b4 Qd8 24. b5 Rc8 25. Rfc1 Nb6 26. bxc6 Rxc6 27. Qb3 Rec7 28. Rxc6 bxc6 29. Rc1 Kg7 30. Qb4 Qf8 31. Qa5 Qe7 32. Bf1 Nc8 33. Bg2 Nb6 34. Rc5 Qd7 35. a4 Nc4 36. Qc3 Kf6 37. Kh2 Ke6 38. h4 h5 39. e4 Ke7 40. exd5 1-0

[Event "AUT-chT2S 9495"]
[Site "Austria"]
[Date "1995.??.??"]
[Round "9"]
[White "Ebner, Walter"]
[Black "Leitner, Kurt"]
[Result "1-0"]
[WhiteElo "2235"]
[BlackElo "2125"]
[PlyCount "107"]
[EventDate "1994.??.??"]
[EventType "team-tourn"]
[EventRounds "11"]
[EventCountry "AUT"]
[SourceTitle "EXT 1998"]
[Source "ChessBase"]
[SourceDate "1997.11.17"]
[SourceVersion "1"]
[SourceVersionDate "1997.11.17"]
[SourceQuality "1"]

1. Nf3 Nf6 2. g3 g6 3. Bg2 Bg7 4. d3 d6 5. 0-0 0-0 6. e4 e5 7. Nbd2 Nbd7 8. b3 a5 9. a4 Nc5 10. Bb2 Bd7 11. Re1 Bc6 12. Nc4 Nh5 13. Ne3 Qd7 14. Nh4 Rae8 15. Nef5 Qd8 16. Nxg7 Nxg7 17. d4 exd4 18. Qxd4 f6 19. Rad1 Qd7 20. f4 Qf7 21. Rd2 b6 22. Rde2 Ba8 23. Re3 Nge6 24. Qc3 Ng7 25. g4 Nge6 26. Rf1 Ng7 27. Qe1 Bb7 28. g5 Nh5 29. f5 gxf5 30. Nxf5 Qg6 31. Nh6+ Kh8 32. gxf6 Qxh6 33. f7+ Re5 34. Rf5 Nd7 35. Rh3 Ndf6 36. Qe2 Rxf5 37. exf5 Bxg2 38. Rxh5 Qg7 39. Qxg2 Qxg2+ 40. Kxg2 Rxf7 41. Rg5 d5 42. Kf3 c5 43. Be5 Rf8 44. h4 Rf7 45. h5 Rf8 46. h6 Rf7 47. Rg7 Rf8 48. Kg2 c4 49. Bd4 cxb3 50. cxb3 b5 51. axb5 a4 52. bxa4 Rc8 53. Bxf6 d4 54. Rg6# 1-0